书目信息 |
| 题名: |
妆出好运来
|
|
| 作者: | 徐跃之 著 | |
| 分册: | ||
| 出版信息: | 海口 南海出版公司 2002.11 |
|
| 页数: | 120页 | |
| 开本: | 20cm | |
| 丛书名: | ||
| 单 册: | ||
| 中图分类: | TS97 | |
| 科图分类: | ||
| 主题词: | 化妆--色彩--基本知识 | |
| 电子资源: | ||
| ISBN: | 7-5442-2291-8 | |
| 000 | 00803nam0 22002410 450 | |
| 001 | 192004002680 | |
| 005 | 20070917094008.46 | |
| 010 | @a7-5442-2291-8@dCNY18.00 | |
| 100 | @a20070601d2002 ekmy0chiy0121 ea | |
| 101 | 0 | @achi |
| 102 | @aCN@b460000 | |
| 105 | @aa z 000yy | |
| 200 | 1 | @a妆出好运来@Azhuang chu hao yun lai@d= Makeup G-color@f徐跃之著@zeng |
| 210 | @a海口@c南海出版公司@d2002.11 | |
| 215 | @a120页@c图@d20cm | |
| 300 | @a并列题名:Makeup G-color | |
| 330 | @a本书作者并不在时尚的浮光掠影里以悟性和经验来推演观念,而是以扎实的专业知识助你创造好运。在共性中寻求特性;在规律里找出个性基因的独特施用天地。 | |
| 510 | 1 | @aMakeup G-color@zeng |
| 606 | 0 | @a化妆@x色彩@x基本知识 |
| 690 | @aTS97@v4 | |
| 701 | 0 | @a徐跃之@Axu yue zhi@4著 |
| 801 | 0 | @aCN@c20070917 |
| 905 | @dTS97@eX839 | |
| 妆出好运来= Makeup G-color/徐跃之著.-海口:南海出版公司,2002.11 |
| 120页:图;20cm |
| 并列题名:Makeup G-color |
| ISBN 7-5442-2291-8:CNY18.00 |
| 本书作者并不在时尚的浮光掠影里以悟性和经验来推演观念,而是以扎实的专业知识助你创造好运。在共性中寻求特性;在规律里找出个性基因的独特施用天地。 |
| ● |
| 相关链接 |
|
|
|
正题名:妆出好运来
索取号:TS97/X839
 
预约/预借
| 序号 | 登录号 | 条形码 | 馆藏地/架位号 | 状态 | 备注 |
| 1 | 619171 | 206191716 | 自科库501/501自科库 44排2列4层/ [索取号:TS97/X839] | 在馆 | |
| 2 | 619172 | 206191725 | 自科库501/501自科库 44排2列4层/ [索取号:TS97/X839] | 在馆 | |
| 3 | 619173 | 206191734 | 自科库501/501自科库 44排2列4层/ [索取号:TS97/X839] | 在馆 |